000 00630nmm a2200193Ia 4500
008 251105s9999||||xx |||||||||||||||||und||
020 _a9788476588888
041 _aspa
100 _aRomero López, Dolores
245 0 _aLiteraturas del texto al hipermedia
264 _a[Madrid, España] :
_bAnthropos,
_c2008
300 _a340 páginas
490 _aPensamiento crítico / Pensamiento utópico: argumentos de la política
650 _aTechnology and computing
700 _aRomero López, Dolores
700 1 _a Sanz Cabrerizo, Amelia (Eds.)
856 _uhttps://public.digitaliapublishing.com/a/13280
942 _cCF
999 _c70727
_d70727